| 000 | 00672nam a2200229Ia 4500 | ||
|---|---|---|---|
| 005 | 20260401141703.0 | ||
| 008 | 210303s9999 xx 000 0 und d | ||
| 016 | _2reto2022b | ||
| 040 |
_aNLN _bEnglish _eAACR2 |
||
| 050 |
_aDS35 _b.S45 |
||
| 082 | _a950.42 | ||
| 100 |
_aSEN, Chanakya Pseud _eaut _944972 |
||
| 245 | 0 |
_aAgainst the cold war : _ba study of Asian- American policies since World war II / _cP.C. Sen |
|
| 260 |
_aBombay : _bAsia Pub. House , _c1962 |
||
| 300 |
_a288p. : _bmap. ;23cm. |
||
| 563 | _a(pbk) | ||
| 650 |
_aAfrica _vPolitics _942159 |
||
| 650 |
_aAsia _vpolitics _944973 |
||
| 650 |
_aworld politics _v1945 _938713 |
||
| 942 | _cBK | ||
| 942 | _n0 | ||
| 999 |
_c23687 _d23687 |
||